00306nam a2200121Ia 4500008004100000020001800041041000800059082001700067100002300084245003600107260003200143300000900175240624s2009 xx und d a9788178791757 aeng a796.077bPHU aDR.PHULKAR, ASHISH aSPORTS OFFICIATING AND COACHING aNew DelhibSPORTS PUBc2009 a304P